Normal view
MARC view
Entry Topical Term
001 - CONTROL NUMBER
- control field: 24724
003 - CONTROL NUMBER IDENTIFIER
- control field: ARRUPE
005 - DATE AND TIME OF LATEST TRANSACTION
- control field: 20160810124828.0
008 - FIXED-LENGTH DATA ELEMENTS
- fixed length control field: 160810|| aca||aabn | a|a d
040 ## - CATALOGING SOURCE
- Original cataloging agency: ARRUPE
- Transcribing agency: ARRUPE
150 ## - HEADING--TOPICAL TERM
- Topical term or geographic name as entry element: Spencer, Herbert
670 ## - SOURCE DATA FOUND
- Source citation: Work cat.: (ARRUPE): Thomson, Authur John 24723, Herbert Spencer, 1976